Movies Quiz

Random Movies or Actor Quiz

All About Alliterative Actors Quiz Stats

 Plays Quiz Updated Jul 18, 2015

Challenge
Share
Tweet
Embed
Score 0/34 Timer 08:00
2 Plays Today
Letter Actor % Correct
LLLindsay Lohan
88%
MMMike Myers
87.8%
SSSylvester Stallone
86.7%
VVVince Vaughn
81.9%
MMMarilyn Monroe
81%
HHHelen Hunt
80.1%
LLLucy Liu
79.3%
EEEmilio Estevez
76.8%
SSSharon Stone
75.5%
SSSusan Sarandon
75.3%
RRRyan Reynolds
75%
AAAmy Adams
74.3%
SSSissy Spacek
68.1%
KKKevin Kline
62.4%
CCCharlie Chaplin
61.4%
DDDavid Duchovny
60.7%
RRRay Romano
59.9%
Letter Actor % Correct
AAAlan Arkin
59.5%
NNNick Nolte
56.5%
RRRobert Redford
56.5%
MMMatthew McConaughey
52.6%
HHHolly Hunter
48.7%
MMMalcolm McDowell
43.1%
MMMichael Madsen
42.7%
DDDanny DeVito
41.3%
AAAlan Alda
41.2%
MMMatthew Modine
35.9%
WWWil Wheaton
35.4%
JJJoshua Jackson
33.5%
BBBenjamin Bratt
33.2%
RRRichard Roundtree
30.7%
KKKris Kristofferson
29.7%
CCChris Cooper
26.6%
SSSteven Seagal
24.1%

You're not logged in!

Compare scores with friends on all Sporcle quizzes.
Join for Free
OR
Log In

You Might Also Like...

Show Comments

Extras

Top Quizzes Today


Score Distribution

Your Account Isn't Verified!

In order to create a playlist on Sporcle, you need to verify the email address you used during registration. Go to your Sporcle Settings to finish the process.

Report this User

Report this user for behavior that violates our Community Guidelines.

Details: